书目信息 |
| 题名: |
创新思考方法
|
|
| 作者: | 何名申 著 | |
| 分册: | ||
| 出版信息: | 北京 中国和平出版社 1996 |
|
| 页数: | 13,457页 | |
| 开本: | 20cm | |
| 丛书名: | ||
| 单 册: | ||
| 中图分类: | G305 , B842.5 | |
| 科图分类: | 37.203 | |
| 主题词: | 思维方法-创造性思维 , 创造性思维-思维方法 | |
| 电子资源: | ||
| ISBN: | 7-80101-741-2 | |
| 000 | 00715nam0 2200253 45 | |
| 001 | 0197034463 | |
| 005 | 20070729160829.15 | |
| 010 | @a7-80101-741-2@dCNY25.00 | |
| 100 | @a19971022d1996 em y0chiy0121 ea | |
| 101 | 0 | @achi |
| 102 | @aCN@b110000 | |
| 105 | @ay z 000yy | |
| 200 | 10 | @a创新思考方法@Achuang xin si kao fang fa@e怎样想新点子?@f何名申著 |
| 210 | @a北京@c中国和平出版社@d1996 | |
| 215 | @a13,457页@d20cm | |
| 300 | @a中国逻辑与语言函授大学创新思维专业系列教材 | |
| 606 | @a思维方法-创造性思维 | |
| 606 | @a创造性思维-思维方法 | |
| 690 | @aG305@v3 | |
| 690 | @aB842.5@v3 | |
| 692 | @a37.203@v2 | |
| 701 | 0 | @a何名申@Ahe ming shen@4著 |
| 801 | 0 | @aCN@bTSSF@c20070729 |
| 905 | @a10447@dG305@e159 | |
| 创新思考方法:怎样想新点子?/何名申著.-北京:中国和平出版社,1996 |
| 13,457页;20cm |
| 中国逻辑与语言函授大学创新思维专业系列教材 |
| ISBN 7-80101-741-2:CNY25.00 |
| ● |
| 相关链接 |
|
|
|
|
正题名:创新思考方法
索取号:G305/159
 
预约/预借
| 序号 | 登录号 | 条形码 | 馆藏地/架位号 | 状态 | 备注 |
| 1 | 0784594 | 207845947 | 第一样本阅览室/ [索取号:G305/159] | 在馆 |